[Event "FIDE Olympiad Disabilties 2020"]
[Site "Online"]
[Date "2020.11.21"]
[Round "5.7"]
[White "Kovacevic, Krsto"]
[Black "Gaspar, Muriel Aranka"]
[Result "1-0"]
[WhiteElo "2117"]
[BlackElo "1423"]
[Annotator "TA"]
[PlyCount "83"]
[EventDate "2020.11.21"]
[EventType "team-tourn"]
[EventCountry "NET"]
[SourceTitle "playchess.com"]
[Source "ChessBase"]
[SourceQuality "1"]
[WhiteTeam "Croatia"]
[BlackTeam "Hungary"]
[WhiteTeamCountry "CRO"]
[BlackTeamCountry "HUN"]

1. e4 d5 2. exd5 Qxd5 3. Nf3 Bf5 4. d4 Nf6 5. c4 Qd8 6. Nc3 e6 7. a3 c6 8. Be2 Bd6 9. O-O O-O 10. h3 h6 11. Be3 Qc7 12. c5 Be7 13. Qd2 Ne4 14. Nxe4 Bxe4 15. Bf4 Qd8 16. Ne5 Nd7 17. Nc4 Nf6 18. Bd6 Bxd6 19. Nxd6 Qd7 20. Qe3 Bg6 21. Bf3 Ne8 22. Nc4 Qe7 23. Ne5 Bh7 24. Rfe1 Nf6 25. Nc4 Rad8 26. b4 Nd5 27. Bxd5 Rxd5 28. Nd6 Rd8 29. Rad1 Qd7 30. Qg3 Rg5 31. Qf3 Bc2 32. Rd2 Bg6 33. Re5 Rxe5 34. dxe5 Qe7 35. Qe3 Kf8 36. Nxb7 Rxd2 37. Qxd2 Be4 38. Qd6 Bd5 39. Qb8+ Qe8 40. Qxa7 Kg8 41. Nd6 Qf8 42. Qd7 1-0

[Event "FIDE Olympiad Disabilties 2020"]
[Site "Online"]
[Date "2020.11.21"]
[Round "5.7"]
[White "Paal, Andras"]
[Black "Vuljanic, Ana"]
[Result "1/2-1/2"]
[WhiteElo "2060"]
[BlackElo "1581"]
[Annotator "TA"]
[PlyCount "69"]
[EventDate "2020.11.21"]
[EventType "team-tourn"]
[EventCountry "NET"]
[SourceTitle "playchess.com"]
[Source "ChessBase"]
[SourceQuality "1"]
[WhiteTeam "Hungary"]
[BlackTeam "Croatia"]
[WhiteTeamCountry "HUN"]
[BlackTeamCountry "CRO"]

1. e4 Nf6 2. e5 Nd5 3. d4 d6 4. c4 Nb6 5. exd6 exd6 6. Nc3 Nc6 7. Be3 Be7 8. Be2 O-O 9. Nf3 Bg4 10. b3 a5 11. O-O Bf6 12. Rc1 d5 13. c5 Nc8 14. a3 N8e7 15. Rb1 Nf5 16. h3 Bxf3 17. Bxf3 Bxd4 18. Bxd4 Ncxd4 19. Bxd5 c6 20. Be4 Qf6 21. Bxf5 Nxf5 22. Qf3 Rfd8 23. Rfe1 Re8 24. g4 Nd4 25. Qxf6 gxf6 26. Ne4 Kg7 27. Kg2 Re5 28. f4 Rd5 29. b4 axb4 30. axb4 Ra2+ 31. Nf2 Ne6 32. Kf3 Nd4+ 33. Kg2 Ne6 34. Kf3 Nd4+ 35. Kg2 1/2-1/2

[Event "FIDE Olympiad Disabilties 2020"]
[Site "Online"]
[Date "2020.11.21"]
[Round "5.7"]
[White "Acs, Gabor"]
[Black "Glazar, Domagoj"]
[Result "1-0"]
[WhiteElo "1977"]
[BlackElo "2137"]
[Annotator "TA"]
[PlyCount "101"]
[EventDate "2020.11.21"]
[EventType "team-tourn"]
[EventCountry "NET"]
[SourceTitle "playchess.com"]
[Source "ChessBase"]
[SourceQuality "1"]
[WhiteTeam "Hungary"]
[BlackTeam "Croatia"]
[WhiteTeamCountry "HUN"]
[BlackTeamCountry "CRO"]

1. e4 e5 2. Nf3 Nc6 3. Bb5 Nf6 4. O-O Nxe4 5. Re1 Nd6 6. Nxe5 Be7 7. Nxc6 dxc6 8. Bf1 O-O 9. d4 Bf6 10. c3 Bf5 11. Bf4 Re8 12. Rxe8+ Qxe8 13. Nd2 Rd8 14. Qb3 Be6 15. Qa4 a6 16. Re1 Qd7 17. h3 Bd5 18. Qd1 a5 19. Bd3 Re8 20. Rxe8+ Qxe8 21. c4 Be6 22. Qc2 g6 23. Nf3 b6 24. b3 Bd8 25. Qe2 f6 26. c5 Nf7 27. Bc4 Bd7 28. Qd2 g5 29. Be3 Be6 30. Bd3 Bd5 31. Qc2 h6 32. Bh7+ Kh8 33. Bg6 Kg7 34. Nd2 Qe7 35. Nf1 Nh8 36. Bf5 h5 37. Bd3 h4 38. Bd2 Qd7 39. Ne3 Be6 40. Bc3 Be7 41. Nf5+ Kf8 42. Nxe7 Qxe7 43. Qe2 Bf7 44. Qf3 Bd5 45. Qh5 Kg8 46. Bf5 Bf7 47. Qh7+ Kf8 48. Qxh8+ Bg8 49. d5 cxd5 50. Bxf6 Qf7 51. Qh6+ 1-0

[Event "FIDE Olympiad Disabilties 2020"]
[Site "Online"]
[Date "2020.11.21"]
[Round "5.8"]
[White "Vaduva, Emil-Peter"]
[Black "Makwana, Ashvin K"]
[Result "1-0"]
[WhiteElo "1968"]
[BlackElo "1768"]
[Annotator "TA"]
[PlyCount "81"]
[EventDate "2020.11.21"]
[EventType "team-tourn"]
[EventCountry "NET"]
[SourceTitle "playchess.com"]
[Source "ChessBase"]
[SourceQuality "1"]
[WhiteTeam "Romania"]
[BlackTeam "India"]
[WhiteTeamCountry "ROU"]
[BlackTeamCountry "IND"]

1. e4 d6 2. d4 Nf6 3. Bd3 e5 4. d5 Be7 5. c4 Nbd7 6. Nc3 O-O 7. Nge2 Nc5 8. Bc2 a5 9. Ng3 b6 10. O-O Bg4 11. f3 Bh5 12. Be3 Qd7 13. Qd2 Bg6 14. Rae1 Rad8 15. a3 Qc8 16. b4 axb4 17. axb4 Na6 18. Rb1 Nh5 19. Nxh5 Bxh5 20. Bd3 Bg6 21. g4 h5 22. h3 f6 23. Nb5 Be8 24. Na7 Qb7 25. Nc6 Rd7 26. Ra1 Bf7 27. c5 Nb8 28. Nxe7+ Rxe7 29. c6 Qc8 30. Kf2 Bg6 31. Ke2 Kf7 32. b5 Rh8 33. Rh1 Ree8 34. Rag1 hxg4 35. hxg4 Rxh1 36. Rxh1 Rh8 37. Qe1 Qg8 38. Qg1 Rxh1 39. Qxh1 Qh7 40. Qxh7 Bxh7 41. Bxb6 1-0

[Event "FIDE Olympiad Disabilties 2020"]
[Site "Online"]
[Date "2020.11.21"]
[Round "5.8"]
[White "Bratu, Gheorghe"]
[Black "Cheniram, Pegu"]
[Result "1-0"]
[WhiteElo "1729"]
[BlackElo "1695"]
[Annotator "NA RC"]
[PlyCount "77"]
[EventDate "2020.11.21"]
[EventType "team-tourn"]
[EventCountry "NET"]
[SourceTitle "playchess.com"]
[Source "ChessBase"]
[SourceQuality "1"]
[WhiteTeam "Romania"]
[BlackTeam "India"]
[WhiteTeamCountry "ROU"]
[BlackTeamCountry "IND"]

1. e4 e5 2. Nf3 Nc6 3. Bc4 Nf6 4. d3 Bc5 5. Nc3 d5 6. exd5 Na5 7. Bb5+ c6 8. dxc6 bxc6 9. Ba4 O-O 10. O-O Qc7 11. Qe2 Bd6 12. Ne4 Nxe4 13. dxe4 Rb8 14. Bb3 Bg4 15. h3 Bh5 16. Be3 Bg6 17. Nd2 c5 18. Rfd1 Rfd8 19. f3 Be7 20. Rab1 Qc6 21. Bd5 Qa4 22. b3 Qb4 23. Nc4 Nxc4 24. Qxc4 Qa5 25. a4 Qc7 26. Rd2 Rb6 27. Rbd1 Rb4 28. Qe2 Kh8 29. Rd3 f5 30. Bd2 Rb7 31. Bxb7 Rxd3 32. Qxd3 Qxb7 33. exf5 Bf7 34. Be3 Be8 35. Qd5 Qc7 36. Qa8 Qc6 37. Qxa7 Bd6 38. a5 h6 39. Qb6 1-0

[Event "FIDE Olympiad Disabilties 2020"]
[Site "Online"]
[Date "2020.11.21"]
[Round "5.8"]
[White "Watpade Vivek"]
[Black "Strete, Ciprian-Iulian"]
[Result "1-0"]
[WhiteElo "1344"]
[BlackElo "1782"]
[Annotator "NA RC"]
[PlyCount "71"]
[EventDate "2020.11.21"]
[EventType "team-tourn"]
[EventCountry "NET"]
[SourceTitle "playchess.com"]
[Source "ChessBase"]
[SourceQuality "1"]
[WhiteTeam "India"]
[BlackTeam "Romania"]
[WhiteTeamCountry "IND"]
[BlackTeamCountry "ROU"]

1. e4 c5 2. Nc3 Nc6 3. Bb5 d6 4. Nf3 e5 5. O-O Nf6 6. d3 Be7 7. Bc4 O-O 8. Re1 Bg4 9. h3 Bh5 10. Be3 a6 11. a4 Kh8 12. Nd5 Nd4 13. Bxd4 cxd4 14. c3 dxc3 15. bxc3 Nxd5 16. Bxd5 Rb8 17. g4 Bg6 18. Rb1 Qc7 19. Re2 b6 20. Reb2 Bd8 21. Nd2 Qxc3 22. Rc2 Qxd3 23. Rb3 Qd4 24. Rc4 Qc5 25. Rxc5 dxc5 26. Qe2 a5 27. Nc4 Bc7 28. Qb2 f6 29. Nxb6 Rbd8 30. Nc4 h6 31. Rb7 Bb8 32. Nxa5 Be8 33. Qb6 Bxa4 34. Nc6 Bxc6 35. Qxc6 Rc8 36. Qd7 1-0

[Event "FIDE Olympiad Disabilties 2020"]
[Site "Online"]
[Date "2020.11.21"]
[Round "5.8"]
[White "Megha Chakraborty"]
[Black "Florea, Dorina"]
[Result "0-1"]
[WhiteElo "1232"]
[BlackElo "1741"]
[Annotator "NA RC"]
[PlyCount "82"]
[EventDate "2020.11.21"]
[EventType "team-tourn"]
[EventCountry "NET"]
[SourceTitle "playchess.com"]
[Source "ChessBase"]
[SourceQuality "1"]
[WhiteTeam "India"]
[BlackTeam "Romania"]
[WhiteTeamCountry "IND"]
[BlackTeamCountry "ROU"]

1. e4 c5 2. Nf3 d6 3. d4 Nf6 4. Nc3 cxd4 5. Nxd4 a6 6. Bg5 e6 7. f4 Be7 8. Qf3 Qb6 9. O-O-O h6 10. Bh4 Nc6 11. Nb3 O-O 12. g4 Qc7 13. Bg3 b5 14. g5 hxg5 15. fxg5 Nd7 16. h4 Nde5 17. Qf2 Bb7 18. Kb1 Rac8 19. Rd2 Na5 20. Bxe5 dxe5 21. Nxa5 Qxa5 22. Qg3 b4 23. Nd1 b3 24. axb3 Qxd2 25. Bd3 Qf4 26. Qe1 Bc5 27. Rf1 Qg4 28. Rh1 Rfd8 29. Nc3 Bb4 30. Rg1 Bxc3 31. Rxg4 Bxe1 32. Rg1 Bxh4 33. Rh1 Bxg5 34. Rh5 Bf4 35. Rh3 Rd4 36. Rf3 Bxe4 37. Bxe4 Rxe4 38. Rf1 Re2 39. c3 Rd8 40. Rh1 Rdd2 41. Ka1 f5 0-1

[Event "FIDE Olympiad Disabilties 2020"]
[Site "Online"]
[Date "2020.11.21"]
[Round "5.9"]
[White "Pakhomov, Alexey"]
[Black "Saltik, Suleyman"]
[Result "1-0"]
[WhiteElo "2315"]
[BlackElo "1639"]
[Annotator "TA"]
[PlyCount "43"]
[EventDate "2020.11.21"]
[EventType "team-tourn"]
[EventCountry "NET"]
[SourceTitle "playchess.com"]
[Source "ChessBase"]
[SourceQuality "1"]
[WhiteTeam "Russia"]
[BlackTeam "Turkey"]
[WhiteTeamCountry "RUS"]
[BlackTeamCountry "TUR"]

1. c4 Nf6 2. Nc3 e6 3. d4 Bb4 4. Bg5 b6 5. e3 Bb7 6. Nge2 O-O 7. a3 Be7 8. Ng3 d5 9. cxd5 Nxd5 10. Bxe7 Nxe7 11. Qc2 Ng6 12. O-O-O Nd7 13. h4 Nxh4 14. f4 f5 15. Bc4 Nxg2 16. Bxe6+ Kh8 17. d5 Rf6 18. Nxf5 Nc5 19. Rxh7+ Kxh7 20. Rh1+ Rh6 21. Nxh6+ g6 22. Nf5+ 1-0

[Event "FIDE Olympiad Disabilties 2020"]
[Site "Online"]
[Date "2020.11.21"]
[Round "5.9"]
[White "Sahin, Handenur"]
[Black "Meshkov, Yuri A."]
[Result "0-1"]
[WhiteElo "1997"]
[BlackElo "2351"]
[Annotator "TA"]
[PlyCount "92"]
[EventDate "2020.11.21"]
[EventType "team-tourn"]
[EventCountry "NET"]
[SourceTitle "playchess.com"]
[Source "ChessBase"]
[SourceQuality "1"]
[WhiteTeam "Turkey"]
[BlackTeam "Russia"]
[WhiteTeamCountry "TUR"]
[BlackTeamCountry "RUS"]

1. e4 e5 2. Nf3 Nc6 3. Bb5 g6 4. O-O Bg7 5. d3 Nge7 6. c3 O-O 7. h3 a6 8. Ba4 b5 9. Bc2 d5 10. Qe2 Bb7 11. Nbd2 h6 12. a4 b4 13. Nb3 Rb8 14. Nc5 Bc8 15. Rd1 Qd6 16. Nb3 Be6 17. Nbd2 f5 18. exd5 Bxd5 19. Nf1 Rfd8 20. Ne3 Bf7 21. Nc4 Qf6 22. Be3 bxc3 23. bxc3 Bxc4 24. dxc4 e4 25. Nd4 Ne5 26. Bf4 g5 27. Bh2 N7g6 28. c5 Kh7 29. Bxe5 Qxe5 30. Nc6 Qxc3 31. Nxb8 Rxb8 32. Rac1 Rb2 33. Qd2 Qxc5 34. Kh1 Nf4 35. Bb3 Qa3 36. Qd7 Qf8 37. Be6 Nxe6 38. Qxe6 Qf6 39. Qd7 Rxf2 40. Rxc7 e3 41. Rd6 Qe5 42. Qxg7+ Qxg7 43. Rxg7+ Kxg7 44. Kg1 Ra2 45. Rxa6 Ra1+ 46. Kh2 e2 0-1

[Event "FIDE Olympiad Disabilties 2020"]
[Site "Online"]
[Date "2020.11.21"]
[Round "5.9"]
[White "Sahin, Huseyin"]
[Black "Taranenko, Polina"]
[Result "0-1"]
[WhiteElo "1788"]
[BlackElo "1445"]
[Annotator "NA RC"]
[PlyCount "78"]
[EventDate "2020.11.21"]
[EventType "team-tourn"]
[EventCountry "NET"]
[SourceTitle "playchess.com"]
[Source "ChessBase"]
[SourceQuality "1"]
[WhiteTeam "Turkey"]
[BlackTeam "Russia"]
[WhiteTeamCountry "TUR"]
[BlackTeamCountry "RUS"]

1. d4 d5 2. e3 Nf6 3. f4 c5 4. c3 Bf5 5. Nf3 e6 6. Bd3 Bxd3 7. Qxd3 Nc6 8. O-O Bd6 9. Ne5 O-O 10. Nd2 Nd7 11. e4 cxd4 12. cxd4 f6 13. Nxd7 Qxd7 14. e5 fxe5 15. fxe5 Rxf1+ 16. Nxf1 Bc7 17. Be3 Rf8 18. a3 Bb6 19. Ng3 Na5 20. b3 Qe7 21. h3 Nc6 22. Kh2 Qh4 23. Rd1 Bd8 24. Qb5 Rf7 25. Qd3 Bg5 26. b4 Bxe3 27. Qxe3 Rf4 28. Ne2 Re4 29. Qd3 Qf2 30. Rd2 Re3 31. Qc2 Ne7 32. Ng1 Qf4+ 33. Kh1 Nf5 34. Qc8+ Kf7 35. Qd7+ Kg6 36. Qxe6+ Kg5 37. g4 Ng3+ 38. Kg2 Qe4+ 39. Kf2 Nh1+ 0-1

[Event "FIDE Olympiad Disabilties 2020"]
[Site "Online"]
[Date "2020.11.21"]
[Round "5.9"]
[White "Ermakov, Maksim"]
[Black "Demirel, Huseyin"]
[Result "1-0"]
[WhiteElo "1611"]
[BlackElo "1451"]
[Annotator "NA RC"]
[PlyCount "99"]
[EventDate "2020.11.21"]
[EventType "team-tourn"]
[EventCountry "NET"]
[SourceTitle "playchess.com"]
[Source "ChessBase"]
[SourceQuality "1"]
[WhiteTeam "Russia"]
[BlackTeam "Turkey"]
[WhiteTeamCountry "RUS"]
[BlackTeamCountry "TUR"]

1. d4 d5 2. Nf3 c5 3. e3 cxd4 4. exd4 Nf6 5. Bd3 Bg4 6. O-O Nc6 7. c3 a6 8. a4 h6 9. h3 Bh5 10. Bf4 e6 11. Nbd2 Bd6 12. Bxd6 Qxd6 13. Qb3 O-O 14. Rae1 Rab8 15. Ne5 Nd7 16. f4 Ncxe5 17. fxe5 Qe7 18. Qc2 f5 19. exf6 Nxf6 20. Nf3 Bxf3 21. Rxf3 Rbc8 22. Bf5 Rc6 23. Rfe3 Ne4 24. Bxe4 dxe4 25. Qxe4 Qf6 26. Rf3 Qe7 27. Rxf8+ Qxf8 28. Qe5 Rb6 29. Re2 Rc6 30. Kh2 Rb6 31. Qc7 Rd6 32. Qxb7 Rd5 33. Qxa6 Rd6 34. Qd3 e5 35. Qc4+ Kh8 36. dxe5 Rd1 37. e6 Qb8+ 38. g3 Qb7 39. Qe4 Qa7 40. Qg2 Qe7 41. Qf3 Qc5 42. Qf2 Qc6 43. Qg2 Qxa4 44. e7 Qe8 45. Qf3 Kh7 46. Qf5+ g6 47. Qf8 Qc6 48. Qf7+ Kh8 49. e8=Q+ Qxe8 50. Rxe8# 1-0

[Event "FIDE Olympiad Disabilties 2020"]
[Site "Online"]
[Date "2020.11.21"]
[Round "5.10"]
[White "Figueroa Morales, Tomas"]
[Black "McConnell, Griffin"]
[Result "1-0"]
[WhiteElo "2093"]
[BlackElo "1823"]
[Annotator "TA"]
[PlyCount "69"]
[EventDate "2020.11.21"]
[EventType "team-tourn"]
[EventCountry "NET"]
[SourceTitle "playchess.com"]
[Source "ChessBase"]
[SourceQuality "1"]
[WhiteTeam "Chile"]
[BlackTeam "United States"]
[WhiteTeamCountry "CHI"]
[BlackTeamCountry "USA"]

1. d4 c6 2. c4 d5 3. Nc3 Nf6 4. Nf3 a6 5. c5 Bf5 6. Qb3 Qc8 7. Bf4 Nbd7 8. h3 h5 9. e3 Ne4 10. Na4 f6 11. Rc1 g5 12. Bh2 e6 13. Bd3 Be7 14. Ng1 g4 15. f3 gxh3 16. gxh3 Ng5 17. Bxf5 exf5 18. h4 Ne6 19. Ne2 Bd8 20. Qd3 Ng7 21. Rg1 Kf7 22. Kf2 Bc7 23. Bf4 Nf8 24. Rg2 Nfe6 25. Rcg1 Rg8 26. Bh6 Qd7 27. e4 dxe4 28. fxe4 fxe4 29. Qxe4 Qd5 30. Qg6+ Ke7 31. Nac3 Qd8 32. Qh7 Qf8 33. Bxg7 Qf7 34. Rg6 Nf8 35. Bxf6+ 1-0

[Event "FIDE Olympiad Disabilties 2020"]
[Site "Online"]
[Date "2020.11.21"]
[Round "5.10"]
[White "Aigner, Michael"]
[Black "Gonzalez Astete, Cristian"]
[Result "1-0"]
[WhiteElo "2006"]
[BlackElo "2130"]
[Annotator "TA"]
[PlyCount "81"]
[EventDate "2020.11.21"]
[EventType "team-tourn"]
[EventCountry "NET"]
[SourceTitle "playchess.com"]
[Source "ChessBase"]
[SourceQuality "1"]
[WhiteTeam "United States"]
[BlackTeam "Chile"]
[WhiteTeamCountry "USA"]
[BlackTeamCountry "CHI"]

1. e4 c5 2. Nc3 d6 3. g3 g6 4. Bg2 Bg7 5. d3 Nc6 6. f4 e6 7. Nf3 Nge7 8. Be3 Nd4 9. O-O O-O 10. e5 Nef5 11. Bf2 Nxf3+ 12. Qxf3 dxe5 13. Bxc5 e4 14. dxe4 Bd4+ 15. Bxd4 Qxd4+ 16. Kh1 Ne7 17. Rfd1 Qb4 18. Rab1 Rb8 19. Qf2 b6 20. a3 Qc4 21. Qd4 Qxd4 22. Rxd4 Nc6 23. Rd2 Bb7 24. e5 Rfd8 25. Rbd1 Kf8 26. Rd7 Rxd7 27. Rxd7 Na5 28. Bxb7 Rxb7 29. Rxb7 Nxb7 30. b4 Ke7 31. Kg2 h5 32. Kf3 f6 33. Ke4 f5+ 34. Kd3 Kd7 35. Nb5 a5 36. Kc4 axb4 37. axb4 Nd8 38. Nd4 Nf7 39. Kb5 g5 40. Kxb6 h4 41. c4 1-0

[Event "FIDE Olympiad Disabilties 2020"]
[Site "Online"]
[Date "2020.11.21"]
[Round "5.10"]
[White "Shankar, Pranav"]
[Black "Tapia Loncon, Andres Saul"]
[Result "0-1"]
[WhiteElo "1499"]
[BlackElo "1890"]
[Annotator "NA RC"]
[PlyCount "60"]
[EventDate "2020.11.21"]
[EventType "team-tourn"]
[EventCountry "NET"]
[SourceTitle "playchess.com"]
[Source "ChessBase"]
[SourceQuality "1"]
[WhiteTeam "United States"]
[BlackTeam "Chile"]
[WhiteTeamCountry "USA"]
[BlackTeamCountry "CHI"]

1. d4 Nf6 2. c4 e6 3. Nc3 c5 4. d5 exd5 5. cxd5 d6 6. e4 g6 7. h3 Bg7 8. Nf3 O-O 9. Be2 a6 10. a4 Re8 11. Nd2 Nbd7 12. O-O g5 13. Qc2 Ne5 14. Nc4 Nxc4 15. Bxc4 g4 16. hxg4 Nxg4 17. Bf4 Kh8 18. g3 Ne5 19. Be2 Bh3 20. Rfe1 Rg8 21. Nd1 Bf6 22. Ne3 Qe7 23. Kh2 Bd7 24. Kg2 Ng6 25. Kh2 Nxf4 26. gxf4 Be5 27. Ng2 Bxf4+ 28. Kg1 Rxg2+ 29. Kxg2 Rg8+ 30. Kf1 Bh3# 0-1

[Event "FIDE Olympiad Disabilties 2020"]
[Site "Online"]
[Date "2020.11.21"]
[Round "5.10"]
[White "Rozas Lazcano, Valeska"]
[Black "Thilaganathan, Jessica"]
[Result "1-0"]
[WhiteElo "1435"]
[BlackElo "1892"]
[Annotator "NA RC"]
[PlyCount "139"]
[EventDate "2020.11.21"]
[EventType "team-tourn"]
[EventCountry "NET"]
[SourceTitle "playchess.com"]
[Source "ChessBase"]
[SourceQuality "1"]
[WhiteTeam "Chile"]
[BlackTeam "England"]
[WhiteTeamCountry "CHI"]
[BlackTeamCountry "ENG"]

1. e4 e5 2. Nf3 d5 3. exd5 e4 4. Qe2 Nf6 5. Nc3 Be7 6. Nxe4 O-O 7. d3 Re8 8. Qd2 Nxe4 9. dxe4 Bc5 10. Be2 Rxe4 11. O-O Bd6 12. Bd3 Re8 13. Re1 Bg4 14. Rxe8+ Qxe8 15. Qe3 Qc8 16. Bd2 Nd7 17. Bc3 Qf8 18. Qe4 f5 19. Qe6+ Qf7 20. Ng5 Qxe6 21. dxe6 Nc5 22. Bc4 Be7 23. Nf3 Ne4 24. Be1 Rd8 25. Ne5 Bh5 26. Nd3 Nd6 27. Bb3 b6 28. Nf4 Be8 29. Nd5 Kf8 30. Nxc7 Bc6 31. Nd5 Ne4 32. Nxe7 Kxe7 33. Bb4+ Nc5 34. Bxc5+ bxc5 35. Rc1 Rd4 36. c3 Rg4 37. g3 h5 38. Re1 h4 39. h3 Rg5 40. Kh2 hxg3+ 41. fxg3 f4 42. g4 Rg6 43. Kg1 Rf6 44. Kf2 g5 45. Re5 Rh6 46. Rxg5 Rxh3 47. Rg7+ Kf6 48. Rf7+ Ke5 49. e7 Rh2+ 50. Kf1 Ke4 51. Bd1 Rh1+ 52. Ke2 Rh2+ 53. Ke1 Ke3 54. e8=Q+ Bxe8 55. Re7+ Kd3 56. Rxe8 Rxb2 57. Rd8+ Ke4 58. Rd2 Rb6 59. Kf2 Rh6 60. Bf3+ Ke5 61. Rd5+ Ke6 62. c4 Rh2+ 63. Bg2 Rh4 64. Kf3 Rh7 65. Kxf4 Rc7 66. Be4 a5 67. Bf5+ Kf6 68. g5+ Ke7 69. g6 Rc6 70. Kg5 1-0

[Event "FIDE Olympiad Disabilties 2020"]
[Site "Online"]
[Date "2020.11.21"]
[Round "5.11"]
[White "Morales Romero, Pedro"]
[Black "Garzon Zapatanga, Christopher Leonel"]
[Result "1/2-1/2"]
[WhiteElo "2332"]
[BlackElo "1697"]
[Annotator "TA"]
[PlyCount "108"]
[EventDate "2020.11.21"]
[EventType "team-tourn"]
[EventCountry "NET"]
[SourceTitle "playchess.com"]
[Source "ChessBase"]
[SourceQuality "1"]
[WhiteTeam "Cuba"]
[BlackTeam "Ecuador"]
[WhiteTeamCountry "CUB"]
[BlackTeamCountry "ECU"]

1. e4 c5 2. Nf3 d6 3. d4 cxd4 4. Qxd4 Nc6 5. Bb5 Bd7 6. Bxc6 bxc6 7. c4 c5 8. Qd3 g6 9. Nc3 Bg7 10. O-O Nf6 11. h3 O-O 12. Bg5 Be6 13. Rad1 Qb6 14. b3 h6 15. Bd2 Qc7 16. Rfe1 Rad8 17. Nd5 Bxd5 18. exd5 Rfe8 19. Bc3 Qd7 20. Re2 Nh5 21. Re3 Nf4 22. Qe4 Bxc3 23. Rxc3 Qf5 24. Qxf5 gxf5 25. Re3 Kg7 26. Nh4 Kf6 27. Rf3 Ne2+ 28. Kf1 Nd4 29. Rxd4 cxd4 30. Nxf5 Kg6 31. Nxd4 e6 32. dxe6 fxe6 33. Re3 e5 34. Nb5 Rd7 35. Rd3 Red8 36. Rd5 Kf7 37. Ke2 Ke6 38. Nc3 Rc8 39. Ne4 Rc6 40. Kd3 Ra6 41. a4 Rb6 42. Kc2 Rc6 43. a5 Rdc7 44. Kd3 Rb7 45. Kc3 Rg7 46. g3 Rf7 47. Rd3 Rd7 48. Kb4 Rb7+ 49. Ka4 a6 50. g4 Rd7 51. Kb4 Rb7+ 52. Ka4 Rd7 53. Rf3 Rf7 54. Rd3 Rd7 1/2-1/2

[Event "FIDE Olympiad Disabilties 2020"]
[Site "Online"]
[Date "2020.11.21"]
[Round "5.11"]
[White "Lavigne Lopez, Raul Leonardo"]
[Black "Nevarez Castro, Andres"]
[Result "0-1"]
[WhiteElo "2229"]
[BlackElo "1250"]
[Annotator "RC"]
[PlyCount "92"]
[EventDate "2020.11.21"]
[EventType "team-tourn"]
[EventCountry "NET"]
[SourceTitle "playchess.com"]
[Source "ChessBase"]
[SourceQuality "1"]
[WhiteTeam "Cuba"]
[BlackTeam "Ecuador"]
[WhiteTeamCountry "CUB"]
[BlackTeamCountry "ECU"]

1. d4 Nf6 2. c4 c5 3. d5 g6 4. Nc3 Bg7 5. e4 d6 6. f4 O-O 7. Nf3 e6 8. dxe6 fxe6 9. Bd3 Nc6 10. O-O Nd4 11. Ng5 h6 12. Nf3 b6 13. Qe1 Bb7 14. Qg3 Qe8 15. Nh4 Nxe4 16. Qxg6 Qxg6 17. Nxg6 Rf6 18. Ne7+ Kf7 19. Nxe4 Kxe7 20. Nxf6 Bxf6 21. Kf2 Rg8 22. g3 h5 23. h3 Nf3 24. Be2 Nd4 25. Bd3 Nf3 26. Be3 Bxb2 27. Rab1 Bf6 28. a4 Bd4 29. Be2 Nd2 30. Bxd4 Nxf1 31. Bxf1 cxd4 32. a5 Be4 33. Re1 Bc6 34. axb6 axb6 35. Rb1 Rb8 36. Be2 Be4 37. Rb5 d3 38. Bxh5 Rc8 39. Rb4 d5 40. cxd5 Rc2+ 41. Ke3 exd5 42. Rxb6 Rg2 43. g4 Re2+ 44. Kd4 d2 45. Rb7+ Kd6 46. Rb6+ Kc7 0-1

[Event "FIDE Olympiad Disabilties 2020"]
[Site "Online"]
[Date "2020.11.21"]
[Round "5.11"]
[White "Jacome, Esteban"]
[Black "Batista Rivera, Idalis"]
[Result "1-0"]
[WhiteElo "1549"]
[BlackElo "1811"]
[Annotator "NA RC"]
[PlyCount "43"]
[EventDate "2020.11.21"]
[EventType "team-tourn"]
[EventCountry "NET"]
[SourceTitle "playchess.com"]
[Source "ChessBase"]
[SourceQuality "1"]
[WhiteTeam "Ecuador"]
[BlackTeam "Cuba"]
[WhiteTeamCountry "ECU"]
[BlackTeamCountry "CUB"]

1. e4 d6 2. d4 g6 3. Nc3 Bg7 4. Bc4 e6 5. Be3 Ne7 6. Qd2 O-O 7. O-O-O Nbc6 8. h4 a6 9. h5 b5 10. Be2 f5 11. hxg6 Nxg6 12. Bh6 Rf7 13. exf5 exf5 14. Bf3 Bxh6 15. Qxh6 Nge7 16. Nd5 Ng6 17. Nf4 Bd7 18. Nxg6 Qf6 19. Nf4 Qxh6 20. Rxh6 Rg7 21. Bd5+ Kh8 22. Ne6 1-0

[Event "FIDE Olympiad Disabilties 2020"]
[Site "Online"]
[Date "2020.11.21"]
[Round "5.11"]
[White "Delgado Tigasi, Andrea"]
[Black "Larduet Despaigne, Carlos"]
[Result "0-1"]
[WhiteElo "1243"]
[BlackElo "2293"]
[Annotator "RC"]
[PlyCount "46"]
[EventDate "2020.11.21"]
[EventType "team-tourn"]
[EventCountry "NET"]
[SourceTitle "playchess.com"]
[Source "ChessBase"]
[SourceQuality "1"]
[WhiteTeam "Ecuador"]
[BlackTeam "Cuba"]
[WhiteTeamCountry "ECU"]
[BlackTeamCountry "CUB"]

1. e4 c5 2. Nc3 e6 3. Bc4 a6 4. a3 b5 5. Ba2 Bb7 6. d3 Nf6 7. Bg5 h6 8. Bh4 Be7 9. Bxf6 Bxf6 10. f4 Qc7 11. Qd2 g5 12. Nge2 gxf4 13. Qxf4 Be5 14. Qg4 Nc6 15. g3 O-O-O 16. O-O-O Qa5 17. Kd2 b4 18. axb4 cxb4 19. d4 bxc3+ 20. bxc3 Nxd4 21. Nxd4 Bxd4 22. Bb3 Qxc3+ 23. Ke2 Qe3+ 0-1

[Event "FIDE Olympiad Disabilties 2020"]
[Site "Online"]
[Date "2020.11.21"]
[Round "5.12"]
[White "Mesa, Francisco Alonso Jr."]
[Black "Malika, Handa"]
[Result "0-1"]
[WhiteElo "1837"]
[BlackElo "1345"]
[Annotator "NA RC"]
[PlyCount "120"]
[EventDate "2020.11.21"]
[EventType "team-tourn"]
[EventCountry "NET"]
[SourceTitle "playchess.com"]
[Source "ChessBase"]
[SourceQuality "1"]
[WhiteTeam "Colombia"]
[BlackTeam "India"]
[WhiteTeamCountry "COL"]
[BlackTeamCountry "IND"]

1. Nf3 Nf6 2. b3 d6 3. Bb2 c5 4. e3 Nc6 5. Be2 Bg4 6. h3 Bxf3 7. Bxf3 e6 8. c4 Be7 9. O-O O-O 10. d4 cxd4 11. exd4 d5 12. c5 b6 13. cxb6 Qxb6 14. Re1 Rac8 15. Na3 Bxa3 16. Bxa3 Rfd8 17. Bc5 Qb7 18. Rc1 Nb4 19. a3 Na6 20. b4 Nd7 21. Re3 Nb6 22. Be2 Nb8 23. Bd3 N8d7 24. Rg3 Nf8 25. Qe2 Qb8 26. Re1 Ng6 27. Ba6 Rc7 28. Qg4 Rcd7 29. Bd3 Qf4 30. Bxg6 Qxg4 31. Bxf7+ Rxf7 32. Rxg4 Re8 33. Bxb6 axb6 34. Rg3 Ra7 35. Rc1 Rb7 36. Rgc3 Kf7 37. Rc7+ Re7 38. Rxb7 Rxb7 39. Kf1 Ke7 40. Ke2 Kd6 41. Kd3 Ra7 42. Rc3 Ra4 43. Kc2 Ra7 44. f3 b5 45. Kb3 e5 46. dxe5+ Kxe5 47. Kc2 Kd6 48. Kd3 Re7 49. Rc5 Ra7 50. Rc3 Rc7 51. Rb3 Rc4 52. g3 Ke5 53. Rb1 d4 54. Rb3 Kd5 55. h4 Rc1 56. Kd2 Rf1 57. Ke2 Rg1 58. g4 Rg2+ 59. Kf1 Rh2 60. h5 Kc4 0-1